მტკვარ-არაქსის კულტურის განვითარების ძირითადი საფეხურები აღმოსავლეთ საქართველოში / (ბიბ.ჩანაწერი № 60125)
[ მარტივი ფორმატი ]
| 000 -ლიდერი | |
|---|---|
| ფიქსირებული სიგრძის საკონტროლო ველი | 01396nam a22002177a 4500 |
| 003 - საკონტროლო ნომრის იდენტიფიკატორი | |
| საკონტროლო ველი | Ge_BSU |
| 005 - ბოლო ოპერაციის თარიღი და დრო | |
| საკონტროლო ველი | 20230612100233.0 |
| 008 - ფიქსირებული სიგრძის მონაცემთა ელემენტები - ზოგადი ინფორმაცია | |
| ფიქსირებული სიგრძის საკონტროლო ველი | 230612s2004 ge ||||| |||| 00| 0 geo d |
| 020 ## - წიგნის საერთაშორისო სტანდარტული ნომერი | |
| International Standard Book Number | 9994000128 |
| 041 ## - ენის კოდი | |
| Language code of text/sound track or separate title | geo |
| 080 ## - უნივერსალური ათობითი კლასიფიკაციის ინდექსი | |
| Universal Decimal Classification number | 902.2(479.221.11) ო-71 |
| 100 ## - მთავარი ჩანაწერი - პიროვნების სახელი | |
| Personal name | ორჯონიკიძე, ა. |
| 9 (RLIN) | 18616 |
| 245 ## - ცნობა სათაურის შესახებ | |
| Title | მტკვარ-არაქსის კულტურის განვითარების ძირითადი საფეხურები აღმოსავლეთ საქართველოში / |
| Statement of responsibility, etc | ა. ორჯონიკიძე; [რედ.: ბ. მაისურაძე] ; საქ. მეცნ. აკად., არქეოლ. კვლევის ცენტრი. |
| 300 ## - ფიზიკური აღწერა | |
| Extent | 202გვ. : |
| Other physical details | ილ. ; |
| Dimensions | 20სმ. |
| 504 ## - BIBLIOGRAPHY, ETC. NOTE | |
| Bibliography, etc | ბიბლიოგრ. ტექსტის შენიშვნ. ბიბლიოგრ.: გვ. 189-201. |
| 653 ## - INDEX TERM--UNCONTROLLED | |
| Uncontrolled term | არქეოლოგიური გათხრები აღმოსავლეთ საქართველოში |
| 653 ## - INDEX TERM--UNCONTROLLED | |
| Uncontrolled term | მტკვარ-არაქსის კულტურა |
| 700 ## - ADDED ENTRY--PERSONAL NAME | |
| Personal name | მაისურაზე, ბ. |
| Relator term | რედაქტორი |
| 9 (RLIN) | 18617 |
| 710 ## - ADDED ENTRY--CORPORATE NAME | |
| Corporate name or jurisdiction name as entry element | საქ. მეცნ. აკადემია |
| Subordinate unit | არქეოლ. კვლევის ცენტრი. |
| 9 (RLIN) | 18618 |
| 942 ## - ADDED ENTRY ELEMENTS (KOHA) | |
| Source of classification or shelving scheme | |
| Koha item type | წიგნი |
| ჩამოწერის სტატუსი | დაკარგული ეგზემპლარის სტატუსი | კლასიფიკაციის წყარო ან თაროზე გაწყობის სქემა | დაზიანების სტატუსი | არ გაიცემა | მუდმივი მდებარეობა (დაცვის ადგილი) | ამჟამინდელი ადგილსამყოფელი | თაროზე განთავსების ადგილი | შეძენის თარიღი | ღირებულება, შესყიდვის ნორმალური ფასი | სრული შენახვის შიფრი | შტრიხკოდი | ბოლო ოპერაციის თარიღი | ეგზემპლარის მიმდევრობითი ნომერი (კეტერი?) | Uniform Resource Identifier | ფასის ძალაში შესვლის თარიღი | ეგზემპლარის სახეობა | საჯარო შენიშვნა |
|---|---|---|---|---|---|---|---|---|---|---|---|---|---|---|---|---|---|
| ბათუმის შოთა რუსთაველის სახელმწიფო უნივერსიტეტის მთავარი ბიბლიოთეკა | ბათუმის შოთა რუსთაველის სახელმწიფო უნივერსიტეტის მთავარი ბიბლიოთეკა | წიგნსაცავი | 2023-06-12 | 5.00 | 902.2(479.221.11) ო-71 | 64621 | 2023-06-12 | 64621 | ბსუ-ს საპატიო დოქტორის გურამ ლორთქიფანიძის საჩუქარი | 2023-06-12 | წიგნი | 5 ლ. |
